000
00313nam a22001337a 4500
008
170704b xxu||||| |||| 00| 0 eng d
020
_a
2900393927176
041
_a
eng
080
_a
82
100
_a
22
101
_a
GJL
245
_a
THE NORTON ANTHOLOGY OF ENGLISH LITERATURE
_c
GREENBLATT,S
942
_2
udc
_c
BK
999
_c
19900
_d
19900